| 000 | 01914cam a2200517 i 4500 | ||
|---|---|---|---|
| 001 | 483 | ||
| 003 | KOSZ 005 | ||
| 005 | 20250804123113.0 | ||
| 008 | 250804s1976 pl a f 000 0 pol | ||
| 015 | _aPB 1976/3120 | ||
| 035 | _a991023453979705066 | ||
| 035 | _a(PL-WaBN)b16425029-48omnis_nlop | ||
| 035 | _ab16425029 | ||
| 035 | _a(OCoLC)749271533 | ||
| 035 | _a(PL)b0000001642502 | ||
| 035 | _a(EXLNZ-48OMNIS_NETWORK)9910300435405606 | ||
| 040 |
_aWA N _cWA N _dKOSZ 005/RW |
||
| 046 | _k1966 | ||
| 080 | _a624.014.2 | ||
| 080 | _a(083) | ||
| 245 | 0 | 0 |
_aTablice do projektowania konstrukcji stalowych / _cWładysław Bogucki, Mikołaj Żyburtowicz. |
| 250 | _aWydanie 4 poprawione i uzupełnione. | ||
| 260 |
_aWarszawa : _b"Arkady", _c1976. |
||
| 300 |
_a412 stron : _bilustracje, 194 tablice, wykresy ; _c25 cm. |
||
| 336 |
_aTekst _btxt _2rdacontent |
||
| 337 |
_aBez urządzenia pośredniczącego _bn _2rdamedia |
||
| 338 |
_aWolumin _bnc _2rdacarrier |
||
| 380 | _aKsiążki | ||
| 380 | _aPublikacje dydaktyczne | ||
| 380 | _aPublikacje fachowe | ||
| 385 |
_mPoziom nauczania _aSzkoły wyższe |
||
| 388 | 1 | _a1901-2000 | |
| 388 | 1 | _a1945-1989 | |
| 500 | _aDruk z klisz. | ||
| 521 | 8 | _aKsiążka przeznaczona jest dla inżynierów projektantów i wykonawców oraz może służyć jako pomoc dydaktyczna dla studentów wydziałów budowlanych wyższych szkół technicznych. | |
| 650 | 7 |
_aKonstrukcje stalowe _2DBN |
|
| 655 | 7 |
_aTablice i wzory _2DBN |
|
| 658 | _aArchitektura i budownictwo | ||
| 658 | _aInżynieria i technika | ||
| 700 | 1 |
_aBogucki, Władysław _d(1910-1992) _eAutor |
|
| 700 | 1 |
_aŻyburtowicz, Mikołaj _d(1898-1978) _eAutor |
|
| 710 | 2 |
_aWydawnictwo Arkady _4pbl |
|
| 856 |
_uhttp://koha.tu.koszalin.pl/cgi-bin/koha/opac-detail.pl?biblionumber=483 _yKatalog online BPK |
||
| 942 |
_2UKD _cKS |
||
| 999 |
_c483 _d483 |
||